| 000 | 00564nam a22002057a 4500 | ||
|---|---|---|---|
| 003 | OSt | ||
| 005 | 20171212194245.0 | ||
| 008 | 171212b xxu||||| |||| 00| 0 eng d | ||
| 020 | _a9780702065996 | ||
| 040 | _cDNLM | ||
| 082 | _aWB115 K96p 2017 | ||
| 100 |
_aEdited by Parveen Kumar; Michael Clark. _911053 |
||
| 245 | _aKumar & Clark's Clinical Medicine | ||
| 250 | _a9th ed. | ||
| 260 | _aEdinburgh; Elsevier, 2017 | ||
| 300 | _axii,1437p; col.ill: 28cm | ||
| 504 | _aBibliography, & index included | ||
| 650 |
_aHuman Medicine _912292 |
||
| 942 |
_2z _cSLOAN |
||
| 999 |
_c5917 _d5917 |
||